| 000 | 00866nam a2200253Ia 4500 | ||
|---|---|---|---|
| 003 | OSt | ||
| 005 | 20221005104324.0 | ||
| 006 | a|||||r|||| 00| 0 | ||
| 007 | ta | ||
| 008 | 221004b |||||||| |||| 00| 0 eng d | ||
| 020 |
_a9789362664894 (hbk) _cINR 400.00 |
||
| 024 | _a66365 | ||
| 037 |
_bGV726, 11/03/2020, Vani Prakashan _cTextual |
||
| 040 |
_aCRL _cCRL _beng |
||
| 041 |
_2eng _aeng |
||
| 082 | _aO111,6N22x, 152Q8 | ||
| 100 | _aकारनेगी, डेल, ले. | ||
| 245 | 0 | _aलोक व्यवहार | |
| 246 | _aLok vyavahāra | ||
| 260 |
_aदिल्ली _bप्रभात प्रकाशन भारत _c2018 |
||
| 300 |
_a215पृ0 _ccm. |
||
| 942 |
_hO111,6N22x, 152Q8 _cTEXL _2cc |
||
| 999 |
_c1012362 _d1012362 |
||